La paraula: buttletí que publica el Cos docent de la Escola Municipal de Sords-muts. III, anys 1920-21

Gespeichert in:
Bibliographische Detailangaben
Format: keine Angabe
Sprache:Spanisch
Erschienen: Barcelona Laboratori d'Estudis i Investigacions 1921
Katalog:MANES:  Suchergebnis im Bibliothekskatalog
Schulbuchspezifische Eigenschaften:
Tags: Tag hinzufügen
Keine Tags, Fügen Sie den ersten Tag hinzu!
Hinzugefügt zu:26.04.2016

MARC

LEADER 000000000a22000000004500
001 34288
003 OSt
008 160427s sp ||||| |||| 00| 0 spa d
040 |a manes  |c manes 
041 |a Español 
245 0 0 |a La paraula: buttletí que publica el Cos docent de la Escola Municipal de Sords-muts. III, anys 1920-21 
260 3 |a Barcelona  |b Laboratori d'Estudis i Investigacions  |c 1921 
300 |a 347 p.  |c 25 cm 
500 |a Año tomado de la cubierta.  |a En cubierta consta: Número extraordinari publicat amb motiu del IV centenari de la naixença de Fra P. Ponce de León i III de la publicació del llibre. Reduccion de las letras de Joan P. Bonet  |a Signatura Topográfica: 1229. Enc. rúst., cub. original. Procedente del Instituto-Escuela de Segunda Enseñanza de Madrid.  
691 0 |a SE 
942 |2 ddc  |c BK 
546 |a España 
999 |c 41250  |d 41250 
999 |c manes:41250  |d 41250